| 000 | 01389nab a22003137a 4500 | ||
|---|---|---|---|
| 999 |
_c6516 _d6516 |
||
| 003 | OSt | ||
| 005 | 20260218121141.0 | ||
| 008 | 190429b xxu||||| |||| 00| 0 spa d | ||
| 040 | _cPJ | ||
| 100 |
_94061 _aAhargo, Ignacio |
||
| 245 | 1 | 3 |
_aAcusación no estatal : _brepensar su rol en el proceso penal / _cIgnacio Ahargo, Francisco M. Pereyra. |
| 260 |
_cCiudad Autónoma de Buenos Aires : _aThomson Reuters La Ley, _b2024. |
||
| 300 | _ap. 91-108 | ||
| 500 | _aCita: TR LALEY AR/DOC/1404/2024 | ||
| 505 | _aSumario: I. Introducción.— II. La relevancia de discutir el rol acusatorio de la víctima.— III. Dimensiones de la discusión jurídica.— IV. Conclusiones.— V. Bibliografía. | ||
| 505 | _tSi te interesa el texto completo, solicitalo a koha@justierradelfuego.gov.ar | ||
| 650 | 0 |
_9343 _aDERECHO PENAL |
|
| 650 | 0 |
_92348 _aPROCESO PENAL |
|
| 650 | 0 |
_92676 _aJUICIO ORAL |
|
| 650 | 0 |
_93047 _aVÍCTIMA DEL DELITO |
|
| 650 | 0 |
_94022 _aMINISTERIO PÚBLICO FISCAL |
|
| 650 | 0 |
_93174 _aDELITO DE ACCIÓN PRIVADA |
|
| 650 | 0 |
_97076 _aDELITO DE ACCIÓN PÚBLICA |
|
| 650 | 0 |
_92678 _aACCIÓN PENAL |
|
| 650 | 0 |
_93637 _aTUTELA JUDICIAL EFECTIVA |
|
| 700 |
_96845 _aPereyra, Francisco M. |
||
| 773 | 0 |
_02658 _93164 _tRevista de derecho penal y criminología. Nº 7 - Julio 2024 _dCiudad Autónoma de Buenos Aires : Thomson Reuters La Ley, 2017- _x00347914 |
|
| 942 |
_2udc _cANA |
||